[Event "ESP tch Segunda División 2014"]
[Site "Linares ESP"]
[Date "2014.08.22"]
[Round "6.8"]
[White "Fernandez Borrego, Pablo"]
[Black "Serna Lara, Sergio"]
[Result "1/2-1/2"]
[WhiteElo "2343"]
[BlackElo "2260"]
[PlyCount "88"]
[EventDate "2014.08.18"]
[EventType "team-swiss"]
[EventRounds "6"]
[EventCountry "ESP"]
[Source "lmi"]
[SourceDate "2014.08.18"]
[WhiteTeam "CIRCULO FERROLANO DE AJEDREZ"]
[BlackTeam "C.D.E. AJEDREZ TARAZONA"]

1. e4 e6 2. Nc3 d5 3. d4 Nf6 4. Bg5 Bb4 5. e5 h6 6. Bc1 Ne4 7. Qg4 Kf8 8. Nge2
c5 9. a3 cxd4 10. axb4 dxc3 11. Nxc3 Nxc3 12. bxc3 Qc7 13. Qg3 Nd7 14. f4 Nb6
15. Be2 Nc4 16. O-O Bd7 17. Bd3 g6 18. Qh4 Be8 19. Qf6 Kg8 20. Re1 a6 21. f5
exf5 22. e6 fxe6 23. Bxc4 dxc4 24. Rxe6 Qg7 25. Qxg7+ Kxg7 26. Re7+ Bf7 27.
Rxb7 g5 28. Be3 Rhe8 29. Bd4+ Kg6 30. Rb6+ Re6 31. Ra5 Rxb6 32. Bxb6 Be8 33.
Rd5 Rc8 34. Rd6+ Kh5 35. Bd4 Bb5 36. Kf2 Rc6 37. Rd5 f4 38. Re5 Kg6 39. Re7 Ba4
40. Re2 Kf5 41. Re5+ Kg6 42. Re2 Kf5 43. Re5+ Kg6 44. Re2 Kf5 1/2-1/2

[Event "ESP tch Segunda División 2014"]
[Site "Linares ESP"]
[Date "2014.08.22"]
[Round "6.8"]
[White "Perez Mauricio, Xoel"]
[Black "Martin Garcia, Juan Miguel"]
[Result "1-0"]
[WhiteElo "2226"]
[BlackElo "2131"]
[PlyCount "107"]
[EventDate "2014.08.18"]
[EventType "team-swiss"]
[EventRounds "6"]
[EventCountry "ESP"]
[Source "lmi"]
[SourceDate "2014.08.18"]
[WhiteTeam "CIRCULO FERROLANO DE AJEDREZ"]
[BlackTeam "C.D.E. AJEDREZ TARAZONA"]

1. Nf3 d5 2. c4 e6 3. b3 Nf6 4. g3 Be7 5. Bb2 O-O 6. Bg2 Nbd7 7. O-O c6 8. d3
b6 9. Nbd2 Bb7 10. Rc1 Rc8 11. Rc2 c5 12. e3 Bd6 13. Qa1 Re8 14. a3 Qe7 15. Re1
e5 16. cxd5 Bxd5 17. e4 Bb7 18. Nc4 Bb8 19. Rec1 Rcd8 20. Bh3 b5 21. Ne3 Nxe4
22. dxe4 Bxe4 23. Nd2 Bxc2 24. Rxc2 Nb6 25. Ne4 c4 26. bxc4 Nxc4 27. Nxc4 bxc4
28. Rxc4 Qb7 29. Rb4 Qc6 30. Bf1 Qc2 31. Qc1 Qxc1 32. Bxc1 Rd4 33. Be3 Rxb4 34.
axb4 h6 35. Bc4 Rc8 36. Bd5 Rc2 37. g4 Rb2 38. Bc5 Bc7 39. Bc6 Bb6 40. Bxb6
axb6 41. b5 Kf8 42. Nd6 g6 43. Nc4 Rd2 44. Kg2 Rd1 45. Nxe5 Ke7 46. Nc4 g5 47.
Nxb6 Ke6 48. Nd5 Rb1 49. Ne3 Ke5 50. b6 Kd6 51. Bf3 Ke5 52. b7 Kf6 53. Nd5+ Ke5
54. Nc7 1-0

[Event "ESP tch Segunda División 2014"]
[Site "Linares ESP"]
[Date "2014.08.22"]
[Round "6.8"]
[White "Picazo Lopez, Ignacio"]
[Black "Mejuto de Ulloa, Jorge"]
[Result "0-1"]
[WhiteElo "2094"]
[BlackElo "2112"]
[PlyCount "56"]
[EventDate "2014.08.18"]
[EventType "team-swiss"]
[EventRounds "6"]
[EventCountry "ESP"]
[Source "lmi"]
[SourceDate "2014.08.18"]
[WhiteTeam "C.D.E. AJEDREZ TARAZONA"]
[BlackTeam "CIRCULO FERROLANO DE AJEDREZ"]

1. e4 e6 2. b3 d5 3. Bb2 Nf6 4. e5 Nfd7 5. f4 c5 6. Nf3 Nc6 7. Be2 Be7 8. O-O
O-O 9. c3 f6 10. exf6 Nxf6 11. d4 Bd7 12. Bb5 Rc8 13. Qe2 Ne4 14. Bxc6 Bxc6 15.
Ne5 Qb6 16. Qg4 Rf5 17. Rd1 cxd4 18. cxd4 Be8 19. Qf3 Rc2 20. Nd3 Bf6 21. Qe3
Bh5 22. Na3 Re2 23. Qc1 Bxd4+ 24. Bxd4 Qxd4+ 25. Kh1 Bf3 26. Qc8+ Rf8 27. Qxe6+
Kh8 28. gxf3 Ng3+ 0-1

[Event "ESP tch Segunda División 2014"]
[Site "Linares ESP"]
[Date "2014.08.22"]
[Round "6.8"]
[White "Picazo Lopez, Juan Antonio"]
[Black "Pazos Porta, Antonio"]
[Result "0-1"]
[WhiteElo "2218"]
[BlackElo "2313"]
[PlyCount "89"]
[EventDate "2014.08.18"]
[EventType "team-swiss"]
[EventRounds "6"]
[EventCountry "ESP"]
[Source "lmi"]
[SourceDate "2014.08.18"]
[WhiteTeam "C.D.E. AJEDREZ TARAZONA"]
[BlackTeam "CIRCULO FERROLANO DE AJEDREZ"]

1. d4 Nf6 2. c4 g6 3. Nc3 Bg7 4. e4 d6 5. Be2 O-O 6. Nf3 Na6 7. O-O e5 8. Be3
Ng4 9. Bg5 Qe8 10. h3 h6 11. Bh4 Nf6 12. dxe5 dxe5 13. Nd5 Nxe4 14. Be7 c6 15.
Bxf8 Qxf8 16. Ne3 Be6 17. Qc2 f5 18. a3 Nec5 19. Rad1 Bf7 20. b4 Ne6 21. Rfe1
Nac7 22. Qb1 e4 23. Nd2 Bc3 24. Qc2 Qg7 25. Rc1 Bf6 26. Nb3 Nd4 27. Nxd4 Bxd4
28. Red1 Ne6 29. c5 a5 30. Rb1 axb4 31. axb4 f4 32. Nc4 f3 33. gxf3 exf3 34.
Bxf3 Qf6 35. Bg2 Nf4 36. Ne3 Bxe3 37. fxe3 Ra2 38. Qxa2 Bxa2 39. exf4 Bxb1 40.
Rxb1 Qxf4 41. Kh1 Qd4 42. b5 Qxc5 43. bxc6 bxc6 44. Rb8+ Kg7 45. Bf1 0-1